| 000 | 00765nam a2200253 4500 | ||
|---|---|---|---|
| 005 | 20220118164009.0 | ||
| 008 | 160316b xxu||||| |||| 00| 0 spa d | ||
| 020 | _a9784484823 | ||
| 041 | _aEspañol | ||
| 082 | _a371.782 O74b | ||
| 100 |
_aOrozco Guzmán, Mario _97125 |
||
| 100 |
_aMéndez Puga, Ana María _97126 |
||
| 100 |
_aGarcía Martínez, Yolanda Elena _97127 |
||
| 245 | _aBullying : estampas infantiles de la violencia escolar : exploraciones psicológicas | ||
| 260 |
_aMéxico _bManual Moderno |
||
| 300 | _a180 páginas | ||
| 650 |
_aACOSO ESCOLAR _95140 |
||
| 650 |
_aBULLYING _97063 |
||
| 650 |
_aPREVENCIÓN _9215 |
||
| 650 |
_aVIOLENCIA ESCOLAR _97129 |
||
| 650 |
_aAMBIENTE ESCOLAR _97130 |
||
| 650 |
_aEVALUACIÓN _9957 |
||
| 942 | _cBK | ||
| 999 |
_c7855 _d7855 |
||